Real Madrid CF Squad 1959-1960 - Statistics

General Stats
  • This quiz has been taken 15 times
  • The average score is 6 of 27
Answer Stats
Position Nation Player % Correct
FW Argentina Alfredo Di Stéfano
100%
FW Spain Paco Gento
100%
FW Hungary Ferenc Puskás
86%
DF Uruguay José Santamaría
43%
Coach Spain Miguel Muñoz
43%
MF Brazil Didi
29%
DF Spain Marquitos
29%
DF Spain Rafael Lesmes
29%
FW Sweden Agne Simonsson
14%
FW Brazil Canário
14%
FW Spain Héctor Rial
14%
MF Spain José María Zárraga
14%
GK Spain Juanito Alonso
14%
MF Spain Juan Santisteban
14%
MF Spain Luis del Sol
14%
GK Argentina Rogelio Domínguez
14%
MF Spain Antonio Ruiz
0%
FW Spain Enrique Mateos
0%
FW Spain Jesús Herrera
0%
MF Spain José Maria Vidal
0%
GK Spain Juan Bagur
0%
FW Spain Manolín Bueno
0%
Coach Paraguay Manuel Fleitas Solich
0%
DF Spain Miche
0%
DF Spain Pachín
0%
DF Spain Pantaleon
0%
FW Spain Pepillo García
0%
No matching quizzes found
Score Distribution
Percent of People with Each Score
Percentile by Number Answered
Your Score History
You have not taken this quiz